Normal view MARC view
  • Churches

Entry Topical Term

Number of records used in: 5

001 - CONTROL NUMBER

  • control field: 6456

003 - CONTROL NUMBER IDENTIFIER

  • control field: NUST

005 - DATE AND TIME OF LATEST TRANSACTION

  • control field: 20171116114315.0

008 - FIXED-LENGTH DATA ELEMENTS

  • fixed length control field: 171116|| aca||aabn | a|a d

040 ## - CATALOGING SOURCE

  • Original cataloging agency: NUST
  • Transcribing agency: NUST

150 ## - HEADING--TOPICAL TERM

  • Topical term or geographic name entry element: Churches
  • Geographic subdivision: Pakistan
  • Form subdivision: Pictorial works.

670 ## - SOURCE DATA FOUND

  • Source citation: Work cat.: (NUST)0: Shāh, Ṣafdar ʻAlī, 1948- 6447, Churches of Pakistan /, 2011
© 2023 Central Library, National University of Sciences and Technology. All Rights Reserved.